The commission of Moses and the Christian calling. (Record no. 3731)

000 -LEADER
fixed length control field 00582nam a2200181 a 4500
001 - CONTROL NUMBER
control field :::00001463$&:&@@
003 - CONTROL NUMBER IDENTIFIER
control field OkBaRHE
005 - DATE AND TIME OF LATEST TRANSACTION
control field 20000607103244.0
008 - FIXED-LENGTH DATA ELEMENTS--GENERAL INFORMATION
fixed length control field s1964 j 000 0 eng u
040 ## - CATALOGING SOURCE
Transcribing agency
100 1# - MAIN ENTRY--PERSONAL NAME
Personal name Kennedy, James Hardee.
245 14 - TITLE STATEMENT
Title The commission of Moses and the Christian calling.
260 ## - PUBLICATION, DISTRIBUTION, ETC. (IMPRINT)
Place of publication, distribution, etc Grand Rapids, MI., :
Name of publisher, distributor, etc Wm. B. Eerdmans Publishing Co.
Date of publication, distribution, etc c1964
300 ## - PHYSICAL DESCRIPTION
Extent 74 p. ;
Dimensions 22 cm.
650 ## - SUBJECT ADDED ENTRY--TOPICAL TERM
Topical term or geographic name as entry element Moses, the Patriarch
942 ## - ADDED ENTRY ELEMENTS (KOHA)
Source of classification or shelving scheme
Koha item type Books
Copies
Date last seen Source of classification or shelving scheme Date acquired Full call number Withdrawn status Lost status Permanent Location Not for loan Price effective from Barcode Koha item type Damaged status Shelving location Copy number
2010-04-14 2010-04-14BS 580 .M6K4  RHEMA Bible Training College 2010-04-141463Books General Stacks1